000 01292cam a22003254a 4500
999 _c11991
_d11991
001 13816516
003 NUST
005 20170511192647.0
008 041215s2006 njua b 001 0 eng
010 _a 2004065908
020 _a0471678503 (cloth)
040 _aDLC
_cDLC
_dDLC
042 _apcc
050 0 0 _aTK7871.67.A33
_bR63 2005
082 0 0 _a621.3824
_222
245 0 0 _aRobust adaptive beamforming
_cJian Li and Petre Stoica.
260 _aHoboken, NJ :
_bJohn Wiley,
_c2006.
300 _axii, 422 p. :
_bill. ;
_c24 cm.
504 _aIncludes bibliographical references and index.
650 0 _aBeamforming.
_9609
650 0 _aAdaptive antennas.
_9605
650 0 _aAntenna radiation patterns.
_9610
700 1 _aLi, Jian.
_9611
700 1 _aStoica, Petre.
_9612
856 4 2 _3Contributor biographical information
_uhttp://www.loc.gov/catdir/enhancements/fy0619/2004065908-b.html
856 4 2 _3Publisher description
_uhttp://www.loc.gov/catdir/enhancements/fy0619/2004065908-d.html
856 4 1 _3Table of contents only
_uhttp://www.loc.gov/catdir/enhancements/fy0619/2004065908-t.html
906 _a7
_bcbc
_corignew
_d1
_eocip
_f20
_gy-gencatlg
942 _2ddc
_cBK